Explorations in applied geography/ (Record no. 8802)

MARC details
000 -LEADER
fixed length control field 00781 a2200229 4500
010 ## - LIBRARY OF CONGRESS CONTROL NUMBER
LC control number ENG-88589
020 ## - INTERNATIONAL STANDARD BOOK NUMBER
Terms of availability 495.00
International Standard Book Number 8120333840
035 ## - SYSTEM CONTROL NUMBER
System control number EN-72122
037 ## - SOURCE OF ACQUISITION
Source of stock number/acquisition DBAD / PUB
082 14 - DEWEY DECIMAL CLASSIFICATION NUMBER
Classification number 915.4
090 ## - LOCALLY ASSIGNED LC-TYPE CALL NUMBER (OCLC); LOCAL CALL NUMBER (OCLC)
-- 8964
-- 8964
245 1# - TITLE STATEMENT
Title Explorations in applied geography/
Statement of responsibility, etc edited by Ashok K. Dutt, H. N. Misra [and] Meera Chatterjee
260 ## - PUBLICATION, DISTRIBUTION, ETC. (IMPRINT)
Place of publication, distribution, etc New Delhi
Name of publisher, distributor, etc Prentice-Hall of India
Date of publication, distribution, etc 2008
270 ## - ADDRESS
Address M-97, Connaught Circus,
City New Delhi
Postal code 110 001
300 ## - PHYSICAL DESCRIPTION
Extent xvi, 524p.
Dimensions 25cm (Hb)
490 ## - SERIES STATEMENT
Series statement Professor L.R. Singh felicitation volume
700 1# - ADDED ENTRY--PERSONAL NAME
Personal name Dutt, Ashok K.
700 1# - ADDED ENTRY--PERSONAL NAME
Personal name Misra, H. N.
700 1# - ADDED ENTRY--PERSONAL NAME
Personal name Chatterjee, Meera
942 ## - ADDED ENTRY ELEMENTS (KOHA)
Institution code [OBSOLETE] dpl
Koha item type English Books
Call number prefix 915.4 / EXP
Holdings
Withdrawn status Lost status Source of classification or shelving scheme Damaged status Not for loan Collection code Home library Current library Source of acquisition Cost, normal purchase price Total Checkouts Full call number Barcode Date last seen Copy number Uniform Resource Identifier Cost, replacement price Price effective from Koha item type
    Dewey Decimal Classification   Not For Loan Non-fiction D.B.Act.Division D.B.Act.Division DBAD/PUB 495.00   915.4 EXP EN-72122 15/09/2008 1 9748 495.00 15/09/2008 English Books

© Delhi Public Library
Hit Counter
free hit counter